=LDR 00000nam 2200000 4500 =001 INLIS000000000011419 =005 20130612103002 =008 ***********************************Ind** =035 ##$$0010-061300000011419 =041 ##$$a Ind =082 ##$$a 959.8 =090 ##$$a 959.8, Fir i =100 ##$$a Firdaus A.N.KU =245 ##$$a Syarekat Islam bukan Budi Utomo meluruskan sejarah pergerakan bangsa, K.H.Firdaes A.-N =260 ##$$a 1997 $b Jakarta =300 ##$$a XXVI, 98 hlm., 21 cm =650 ##$$a Sejarah Inbdonesia =850 ##$$a NBPNMAT